Избранное; "Слово о полку Игореве" и культура его времени

Библиографические подробности
Главный автор: Лихачев Д. С. Дмитрий Сергеевич
Язык:русский
Опубликовано: СПб., Logos, 2000
Предметы:
Формат: MixedMaterials Книга
Запись в KOHA:https://koha.lib.tpu.ru/cgi-bin/koha/opac-detail.pl?biblionumber=26868

MARC

LEADER 00000nam0a2200000 4500
001 26868
005 20231101205745.0
010 |a 5872881517 
035 |a (RuTPU)RU\TPU\book\27113 
035 |a BOOK00027188 
090 |a 26868 
100 |a 20011209d2000 k y0rusy50 ca 
101 0 |a rus 
102 |a RU 
105 |a y z 000ay 
200 1 |a Избранное  |a "Слово о полку Игореве" и культура его времени  |f Д. С. Лихачев 
210 |a СПб.  |c Logos  |d 2000 
215 |a 528 с. 
517 1 |a Работы последних лет 
610 1 |a литературоведение 
610 1 |a русская литература 
610 1 |a древнерусская литература 
610 1 |a история 
675 |a 8Р1  |v 3 
700 1 |a Лихачев  |b Д. С.  |c российский литературовед и общественный деятель  |c академик РАН  |f 1906-1999  |g Дмитрий Сергеевич  |2 stltpush  |3 (RuTPU)RU\TPU\pers\14350  |9 4743 
801 0 |a RU  |b 63413507  |c 20011209  |g PSBO 
801 2 |a RU  |b 63413507  |c 20111025  |g PSBO 
942 |c BK